|
|
|
|
| LEADER |
00000nab a2200000 a 4500 |
| 001 |
vtls000765739 |
| 003 |
SK-MaSNL |
| 005 |
20260304182935.0 |
| 008 |
250429c2001 xo 0 slo |
| 015 |
|
|
|a SNBRB2001/08-24260
|
| 035 |
|
|
|a CLN000117526
|
| 035 |
|
|
|a urn:nbn:sk:snk-ab1itt
|
| 035 |
|
|
|a (urnnbn)urn:nbn:sk:snk:ar-00456g
|
| 035 |
|
|
|a (uuid)fe7f017c-557f-416f-a6ff-762f51ff7bf6
|
| 040 |
|
|
|a SNKBUCL
|b slo
|c SNKBUCL
|e AACR2
|
| 041 |
0 |
|
|a slo
|
| 044 |
|
|
|a xo
|c SK
|
| 080 |
|
|
|a 943.76"1944"
|2 1997
|
| 100 |
1 |
|
|a Šveda, Július
|4 ain
|9 760683
|
| 245 |
1 |
0 |
|a Dva mesiace v nemeckom obkľúčení
|b rozhovor s gen. Belom Kubicom
|c pripravil Július Šveda
|
| 300 |
|
|
|b Fotogr.
|
| 650 |
0 |
7 |
|a druhá svetová vojna (1939-1945)
|2 snkbucl
|9 169657
|
| 650 |
0 |
7 |
|a protifašistický odboj
|2 snkbucl
|9 4751
|
| 651 |
|
7 |
|a Slovensko
|x dejiny
|2 snkbucl
|9 13278
|
| 655 |
|
7 |
|a články z novín a časopisov
|2 snkbucl
|9 267496
|
| 700 |
1 |
|
|a Kubica, Belo,
|d 1914-2004
|4 aut
|9 431076
|
| 773 |
0 |
|
|t Historická revue
|g Roč. 12, č. 4 (2001), s. 25
|x 1335-6550
|
| 850 |
|
|
|a Slovenská národná knižnica
|
| 852 |
|
|
|a Slovenská národná knižnica
|
| 954 |
|
|
|a odborná, vedecká literatúra pôvodná (slovenská)
|2 lita
|
| 958 |
|
|
|a article27
|
| 958 |
|
|
|a OS
|
| 958 |
|
|
|a SK
|
| 958 |
|
|
|a OND
|
| 958 |
|
|
|a EUIPO
|
| 992 |
|
|
|a RBX
|
| 999 |
|
|
|c 3032012
|d 3033942
|